ATP Finals 2022 - Singolare - Statistics

Statistiche generali
  • Questo quiz è stato fatto 19 volte
  • Il punteggio medio è 7 su 8
Statistiche sulle risposte
Nazione Risultato Tennista % Corretto
Serbia Campione Novak Djokovic
100%
Norvegia Finale Casper Ruud
94%
Russia Round robin Daniil Medvedev
94%
Spagna Round robin Rafael Nadal
94%
Grecia Round robin Stefanos Tsitsipas
94%
Russia Semifinale Andrej Rublëv
88%
Stati Uniti Semifinale Taylor Fritz
81%
Canada Round robin Félix Auger-Aliassime
75%
Nessun quiz corrispondente trovato
Distribuzione punteggi
Percentuale di utenti per punteggio
Percentile per numero di risposta
I tuoi punteggi nel tempo
Non hai fatto questo quiz